[Event "Harburg-ch Gruppe I"]
[Site "Hamburg"]
[Date "2010.08.20"]
[Round "1"]
[White "Eschweiler, Markus"]
[Black "Kalauch, Lucas"]
[Result "1/2-1/2"]
[WhiteElo "1373"]
[BlackElo "1417"]
[PlyCount "83"]
[EventDate "2010.08.20"]
[EventType "tourn"]
[EventRounds "5"]
[EventCountry "GER"]
[SourceDate "2010.08.20"]

1. c4 b6 2. Nc3 Bb7 3. d4 d5 4. cxd5 Bxd5 5. e4 Bb7 6. Nf3 e6 7. a3 c5 8. Bb5+
Nd7 9. Ne5 Ngf6 10. Qa4 (10. Bg5 Bc8 11. dxc5 Bxc5 12. Bc6 Rb8 13. O-O h6 14.
Bf4) 10... cxd4 11. Qxd4 Bc5 12. Qd3 h6 13. O-O (13. b4 Be7 14. Be3 a6 15. Bxb6
) 13... a6 14. Bxd7+ Nxd7 15. Nxd7 Qxd7 16. Qxd7+ (16. Qg3 Qd4 17. Be3 Qf6 18.
e5 Qg6 19. Qxg6 fxg6 20. Bxc5 bxc5 21. Na4) 16... Kxd7 17. Rd1+ Ke7 18. b4 Bd6
19. Be3 Be5 20. Bd4 Bxd4 21. Rxd4 Rac8 22. Na4 Rcd8 23. Rc4 Rc8 24. Rxc8 Rxc8
25. e5 b5 26. Nc5 Rc7 27. f4 Kd8 28. g3 Kc8 29. Kf2 Rc6 30. Rd1 Rc7 31. h4 a5
32. Rd6 axb4 33. axb4 Rc6 34. Ke3 Ba8 35. g4 g6 36. f5 gxf5 37. gxf5 exf5 38.
Kf4 (38. Rxc6+ Bxc6 39. Kf4) 38... Rxd6 39. exd6 Be4 40. Ke5 Bb1 41. d7+ Kd8
42. Kd6 (42. Kd6 Be4 43. h5 Bg2 44. Nd3 Bh1 (44... f6 45. Nf4) 45. Ne5) 1/2-1/2

[Event "Harburg-ch Gruppe I"]
[Site "Hamburg"]
[Date "2010.08.20"]
[Round "1"]
[White "Stolzenwald, Frank"]
[Black "Kalauch, Jonathan"]
[Result "1-0"]
[WhiteElo "1408"]
[BlackElo "1400"]
[PlyCount "93"]
[EventDate "2010.08.20"]
[EventType "tourn"]
[EventRounds "5"]
[EventCountry "GER"]
[SourceDate "2010.08.20"]

1. e4 c5 2. Bc4 Nc6 3. c3 Nf6 4. Qc2 g6 5. Nf3 Bg7 6. d4 cxd4 7. cxd4 d5 8.
exd5 Nxd5 9. Be3 Nb6 10. Qb3 Nxc4 11. Qxc4 Be6 12. Qa4 Rb8 (12... Qb6 13. d5
Qxb2 14. dxc6 b5) 13. Nc3 O-O 14. Rd1 Bd5 15. Ne2 Bxf3 16. gxf3 Qd5 17. Ng1 b5
(17... Rfd8) 18. Qa6 Rb6 19. Qa3 b4 20. Qb3 Qxb3 21. axb3 Rb7 22. f4 Rd8 23.
Nf3 Rbd7 24. Ke2 Nxd4+ 25. Nxd4 Bxd4 26. Bxd4 Rxd4 27. Rxd4 Rxd4 28. Ke3 Rd7
29. Ra1 f5 30. Ra4 Rb7 31. Kd4 Kf7 32. Kc5 Ke6 33. Kc6 Rb6+ 34. Kc7 Rd6 35.
Rxb4 Rd2 36. Rb7 Rxb2 37. Kd8 h5 38. Rxe7+ Kf6 39. Rxa7 Rxb3 (39... Rxf2) 40.
Ra6+ Kg7 41. Ra7+ Kh6 42. Ke7 Rf3 43. Kf6 Rxf4 44. Ra8 Kh7 45. Ra7+ Kg8 (45...
Kh6) 46. Kxg6 Kf8 47. Rf7+ 1-0

[Event "Harburg-ch Gruppe I"]
[Site "Hamburg"]
[Date "2010.08.21"]
[Round "2"]
[White "Boehme, Mathis"]
[Black "Kalauch, Jonathan"]
[Result "1-0"]
[WhiteElo "1365"]
[BlackElo "1400"]
[PlyCount "65"]
[EventDate "2010.08.20"]
[EventType "tourn"]
[EventRounds "5"]
[EventCountry "GER"]
[SourceDate "2010.08.20"]

1. e4 c5 2. d4 cxd4 3. c3 dxc3 4. Nxc3 Nc6 5. Nf3 g6 6. Bc4 Bg7 7. O-O Nf6 8.
Bg5 O-O 9. Qe2 Re8 10. Rfd1 Qc7 11. Nb5 (11. e5 Ng4 12. Bxf7+ Kxf7 13. Qc4+ Kf8
14. Nd5 Qb8 15. Qxg4) 11... Qb8 12. Rac1 a6 13. Nbd4 Nxd4 14. Nxd4 b5 (14...
Qe5) 15. Bb3 e5 16. Nf3 Ra7 17. Rc5 Rc7 18. Rxe5 Rxe5 19. Nxe5 d6 20. Rxd6 Bb7
21. Rd1 (21. Qd1 Rc8 22. Nxf7) 21... Nxe4 (21... Qe8 22. Ng4) 22. Rd8+ (22.
Nxf7 Rxf7 23. Rd8+) 22... Qxd8 23. Bxd8 Rc1+ 24. Bd1 Bxe5 25. f3 (25. Bb6)
25... Bd4+ 26. Kf1 Nf2 (26... Bd5) 27. Qe8+ Kg7 28. Qd7 (28. Be7 Rxd1+ 29. Ke2
h5 30. Qf8+ Kh7 31. Qxf7+ Kh8 32. Qxg6) 28... Rxd1+ 29. Ke2 Ba8 (29... Bxb2 30.
Qxb7 Rxd8 31. Kxf2 Rd2+ 32. Kf1 Bd4) (29... Bxf3+ 30. gxf3 Bxb2 31. Qe8) 30.
Bh4 Bc3 31. Qc8 Rd2+ 32. Kf1 Bd5 33. Qxc3+ 1-0

[Event "Harburg-ch Gruppe I"]
[Site "Hamburg"]
[Date "2010.08.21"]
[Round "2"]
[White "Kalauch, Lucas"]
[Black "Stolzenwald, Frank"]
[Result "1-0"]
[WhiteElo "1417"]
[BlackElo "1408"]
[PlyCount "35"]
[EventDate "2010.08.20"]
[EventType "tourn"]
[EventRounds "5"]
[EventCountry "GER"]
[SourceDate "2010.08.20"]

1. d4 d5 2. Nf3 e6 3. e3 Bb4+ 4. c3 Ba5 5. Bd3 f6 6. O-O Nd7 7. Nbd2 Ne7 8. e4
c6 9. Re1 Kf7 10. e5 h6 11. exf6 gxf6 12. Nh4 f5 13. Qh5+ Kf6 14. Qe2 e5 15.
dxe5+ Ke6 16. Ndf3 Bb6 17. Bxh6 Rxh6 18. Ng5# 1-0

[Event "Harburg-ch Gruppe I"]
[Site "Hamburg"]
[Date "2010.08.21"]
[Round "2"]
[White "Brandt, Michael"]
[Black "Eschweiler, Markus"]
[Result "0-1"]
[WhiteElo "1418"]
[BlackElo "1373"]
[PlyCount "68"]
[EventDate "2010.08.20"]
[EventType "tourn"]
[EventRounds "5"]
[EventCountry "GER"]
[SourceDate "2010.08.20"]

1. d4 Nf6 2. Nf3 e6 3. c4 b6 4. Bg5 Bb7 5. e3 Bb4+ 6. Nc3 h6 7. Bh4 Bxc3+ 8.
bxc3 d6 9. Be2 O-O 10. O-O Nbd7 11. Bd3 c5 12. e4 Qc7 13. Re1 e5 14. d5 Nh7 15.
Bg3 g5 16. h4 g4 17. Nh2 h5 18. f3 gxf3 19. Nxf3 Ndf6 20. Ng5 (20. Rf1) 20...
Bc8 21. Rf1 Bg4 22. Qd2 Kh8 23. Nxh7 (23. Rf2) 23... Nxh7 24. Qh6 Qe7 (24... f5
25. exf5 Rf6 26. Qe3 Raf8) 25. Rf2 f6 26. Raf1 Qg7 27. Qe3 Rf7 28. Be2 Rg8 29.
Bh2 Bxe2 30. Qxe2 Qg4 31. g3 Qxh4 32. Rg2 Qg4 33. Qe3 Rg5 (33... Ng5) 34. Qf2
Qxe4 0-1

[Event "Harburg-ch Gruppe I"]
[Site "Hamburg"]
[Date "2010.08.21"]
[Round "3"]
[White "Eschweiler, Markus"]
[Black "Boehme, Mathis"]
[Result "1/2-1/2"]
[WhiteElo "1373"]
[BlackElo "1365"]
[PlyCount "109"]
[EventDate "2010.08.20"]
[EventType "tourn"]
[EventRounds "5"]
[EventCountry "GER"]
[SourceDate "2010.08.20"]

1. c4 e5 2. Nc3 Nc6 3. Nf3 Bc5 4. a3 a5 5. e3 Nf6 6. d4 exd4 7. exd4 Ba7 8. Be2
O-O 9. O-O d6 10. h3 Bf5 11. Bg5 Re8 12. d5 Ne5 13. Nxe5 Rxe5 14. Kh1 Be4 15.
f4 Re8 16. Bd3 Qd7 17. Kh2 Bxd3 18. Qxd3 Re3 19. Qd2 Ne4 20. Nxe4 Rxe4 21. b3
Be3 22. Qc2 Ree8 23. Rae1 Bc5 24. a4 Bb4 25. Rxe8+ Rxe8 26. f5 f6 27. Bd2 Bxd2
28. Qxd2 b6 29. Qf4 Re5 30. Rf3 Qe7 31. g4 Re2+ 32. Rf2 Qe5 33. Qxe5 Rxf2+ 34.
Kg3 fxe5 (34... dxe5 35. Kxf2 Kf7 36. Ke2 Ke7 37. Kd3 Kd6 38. Kd2 Kc5 39. Kc3
e4 40. h4 h6 41. h5 e3 42. Kd3 Kb4 43. Kxe3 Kxb3) 35. Kxf2 Kf7 36. g5 h6 37. h4
hxg5 38. hxg5 g6 39. f6 Kf8 40. Ke3 Kf7 41. Kd3 Kf8 42. c5 Kf7 43. cxb6 cxb6
44. Kc4 Kf8 45. b4 axb4 46. Kxb4 Ke8 47. Kb5 Kf7 48. Kxb6 e4 49. a5 e3 50. a6
e2 51. a7 e1=Q 52. a8=Q Qb4+ 53. Kc7 Qb6+ 54. Kd7 Qc7+ 55. Kxc7 1/2-1/2

[Event "Harburg-ch Gruppe I"]
[Site "Hamburg"]
[Date "2010.08.21"]
[Round "3"]
[White "Stolzenwald, Frank"]
[Black "Brandt, Michael"]
[Result "0-1"]
[WhiteElo "1408"]
[BlackElo "1418"]
[PlyCount "92"]
[EventDate "2010.08.20"]
[EventType "tourn"]
[EventRounds "5"]
[EventCountry "GER"]
[SourceDate "2010.08.20"]

1. Nc3 Nf6 2. d4 e6 3. Bg5 Bb4 4. Qd3 d5 5. Bxf6 Qxf6 6. Nf3 O-O 7. O-O-O c5 8.
Qe3 c4 9. a3 Ba5 10. Qe5 Qe7 11. Nb5 Rd8 12. Qg5 f6 13. Qe3 a6 14. Nc3 b5 15.
Na2 Nc6 16. c3 Bb6 17. Nb4 Nxb4 18. cxb4 a5 19. bxa5 Rxa5 20. Qc3 Qa7 21. e3
Ra4 22. Qc2 Bd7 23. Nd2 Rc8 24. Nb1 Ba5 25. Nc3 Bxc3 26. Qxc3 Rb8 27. Kd2 b4
28. axb4 Raxb4 29. Rb1 Qa2 30. Kc1 Rb3 31. Qc2 c3 32. Bd3 Rc8 33. Kd1 Rxb2 34.
Qxb2 cxb2 35. Kd2 Qa5+ 36. Ke2 Qb4 37. Rhd1 Qa3 38. Rd2 Rb8 39. h3 Qa2 40. Kf3
Rb3 41. Bc2 Rb8 42. Bd3 g6 43. Rdd1 Ba4 44. Rd2 Rb3 45. Ke2 Bb5 46. Bxb5 Qxb1
0-1

[Event "Harburg-ch Gruppe I"]
[Site "Hamburg"]
[Date "2010.08.21"]
[Round "3"]
[White "Kalauch, Jonathan"]
[Black "Kalauch, Lucas"]
[Result "0-1"]
[WhiteElo "1400"]
[BlackElo "1417"]
[PlyCount "26"]
[EventDate "2010.08.20"]
[EventType "tourn"]
[EventRounds "5"]
[EventCountry "GER"]
[SourceDate "2010.08.20"]

1. c4 e5 2. g3 Nc6 3. Bg2 f5 4. e3 Nf6 5. d3 Bb4+ 6. Bd2 d5 7. cxd5 Nxd5 8.
Bxb4 Ndxb4 9. Ke2 O-O 10. Nc3 Be6 11. Nf3 e4 12. dxe4 Bc4+ 13. Ke1 Nd3+ 0-1

[Event "Harburg-ch Gruppe I"]
[Site "Hamburg"]
[Date "2010.08.22"]
[Round "4"]
[White "Boehme, Mathis"]
[Black "Kalauch, Lucas"]
[Result "0-1"]
[WhiteElo "1365"]
[BlackElo "1417"]
[PlyCount "114"]
[EventDate "2010.08.20"]
[EventType "tourn"]
[EventRounds "5"]
[EventCountry "GER"]
[SourceDate "2010.08.20"]

1. e4 c5 2. d4 cxd4 3. c3 dxc3 4. Nxc3 Nc6 5. Nf3 e6 6. Bc4 Bc5 7. O-O Nge7 8.
a3 O-O 9. b4 Bb6 10. Bb2 a6 11. Na4 Bc7 12. Nh4 b5 13. Qg4 Be5 14. Nc3 Bxh2+
15. Kxh2 Ne5 16. Qg3 Nxc4 17. Bc1 Bb7 18. f4 Ng6 19. Nf3 Rc8 20. f5 Nh8 21. e5
exf5 22. Nd4 Ng6 23. Nxf5 Ncxe5 24. Re1 Qf6 25. Rf1 Ng4+ 26. Qxg4 Qxc3 27. Rb1
Qc4 28. Qd1 Qe4 29. Rb2 Qe5+ 30. Kg1 Rc6 31. Re2 Rxc1 32. Rxe5 Rxd1 33. Ne7+
Nxe7 34. Rxd1 Ng6 35. Re2 Rd8 36. Ree1 d5 37. Rd4 h6 38. Rc1 Rd7 39. Re1 Ne7
40. Rd2 d4 41. Rde2 Kf8 42. Rd1 d3 43. Re3 f6 44. Rexd3 Rxd3 45. Rxd3 Nd5 46.
g3 Kf7 47. Kf2 g5 48. Rd4 f5 49. Kg1 h5 50. Kh2 Kf6 51. Kh3 f4 52. gxf4 Nxf4+
53. Kg3 Ne2+ 54. Kh2 Nxd4 55. Kg3 h4+ 56. Kg4 Ke5 57. Kh3 Bc8+ 0-1

[Event "Harburg-ch Gruppe I"]
[Site "Hamburg"]
[Date "2010.08.22"]
[Round "4"]
[White "Brandt, Michael"]
[Black "Kalauch, Jonathan"]
[Result "1/2-1/2"]
[WhiteElo "1418"]
[BlackElo "1400"]
[PlyCount "52"]
[EventDate "2010.08.20"]
[EventType "tourn"]
[EventRounds "5"]
[EventCountry "GER"]
[SourceDate "2010.08.20"]

1. d4 Nf6 2. Nf3 g6 3. c4 Bg7 4. Nc3 d5 5. Bg5 O-O 6. e3 Re8 7. Be2 Nc6 8. Bxf6
Bxf6 9. Nxd5 Bg7 10. O-O Be6 11. Nc3 Bg4 12. Nd2 Bxe2 13. Qxe2 e5 14. dxe5 Rxe5
15. Nf3 Re8 16. Rad1 Qc8 17. Nd5 Ne7 18. b3 c5 19. Rd3 Nc6 20. Rfd1 Rb8 21. h3
Nd4 22. Nxd4 cxd4 23. Qf3 dxe3 24. Rxe3 Qc5 25. Red3 Rbd8 26. R3d2 Qd6 1/2-1/2

[Event "Harburg-ch Gruppe I"]
[Site "Hamburg"]
[Date "2010.08.22"]
[Round "4"]
[White "Eschweiler, Markus"]
[Black "Stolzenwald, Frank"]
[Result "1-0"]
[WhiteElo "1373"]
[BlackElo "1408"]
[PlyCount "51"]
[EventDate "2010.08.20"]
[EventType "tourn"]
[EventRounds "5"]
[EventCountry "GER"]
[SourceDate "2010.08.20"]

1. c4 b6 2. Nc3 Bb7 3. d4 d5 4. cxd5 Bxd5 5. e4 Bb7 6. Nf3 Nf6 7. a3 Nxe4 8.
Bb5+ c6 9. Nxe4 cxb5 10. Nc3 a6 11. Be3 Bxf3 12. Qxf3 Nd7 13. O-O e6 14. b4 Qb8
15. Bf4 Bd6 16. Bxd6 Qa7 17. Qc6 Kd8 18. Qf3 f6 19. Qg4 Re8 20. Nd5 Ne5 21.
dxe5 exd5 22. e6 Re7 23. Qf5 h6 24. Qxd5 Ke8 25. Qh5+ Kf8 26. Qf7# 1-0

[Event "Harburg-ch Gruppe I"]
[Site "Hamburg"]
[Date "2010.08.22"]
[Round "5"]
[White "Stolzenwald, Frank"]
[Black "Boehme, Mathis"]
[Result "0-1"]
[WhiteElo "1408"]
[BlackElo "1365"]
[PlyCount "92"]
[EventDate "2010.08.20"]
[EventType "tourn"]
[EventRounds "5"]
[EventCountry "GER"]
[SourceDate "2010.08.20"]

1. e4 d5 2. e5 e6 3. d4 c5 4. c3 Nc6 5. Be3 Nge7 6. f4 Ng6 7. g3 Qb6 8. Qb3 Qa5
9. dxc5 d4 10. Bd2 Qxc5 11. Nf3 dxc3 12. Qxc3 Qd5 13. Bc4 Qe4+ 14. Kf2 Bc5+ 15.
Kg2 Bd4 16. Bd3 Bxc3 17. Bxe4 Bxb2 18. Bxg6 hxg6 19. Bc3 Bxa1 20. Bxa1 b6 21.
Nc3 Bb7 22. Nb5 O-O 23. Nd6 Na5 24. Bc3 Rfd8 25. Bxa5 Bxf3+ 26. Kxf3 bxa5 27.
Rc1 f6 28. Rc5 fxe5 29. fxe5 Rf8+ 30. Kg2 Rfb8 31. Rxa5 Rb2+ 32. Kh3 Re2 33.
Nc4 Rc8 34. Nd6 Rcc2 35. Rxa7 Rxh2+ 36. Kg4 Rxa2 37. Rxa2 Rxa2 38. Kg5 Rg2 39.
g4 Kf8 40. Nc4 Ke7 41. Ne3 Re2 42. Kf4 g5+ 43. Kf3 Rxe3+ 44. Kxe3 Kd7 45. Kd2
Kc6 46. Kd3 Kd5 0-1

[Event "Harburg-ch Gruppe I"]
[Site "Hamburg"]
[Date "2010.08.22"]
[Round "5"]
[White "Kalauch, Jonathan"]
[Black "Eschweiler, Markus"]
[Result "1/2-1/2"]
[WhiteElo "1400"]
[BlackElo "1373"]
[PlyCount "82"]
[EventDate "2010.08.20"]
[EventType "tourn"]
[EventRounds "5"]
[EventCountry "GER"]
[SourceDate "2010.08.20"]

1. c4 c5 2. g3 Nf6 3. Bg2 d5 4. cxd5 Nxd5 5. e3 e5 6. Ne2 Nc6 7. O-O Be7 8. a3
Be6 9. Nbc3 O-O 10. Rb1 Rc8 11. f4 Qd7 12. Nxd5 Bxd5 13. Nc3 Bxg2 14. Kxg2 Qd3
15. Qe2 Qxe2+ 16. Nxe2 e4 17. f5 Bd6 18. b3 f6 19. Bb2 Be5 20. Bxe5 Nxe5 21.
Nc3 Rcd8 22. Nxe4 b6 23. Rfd1 g6 24. fxg6 hxg6 25. d4 cxd4 26. Rxd4 Rc8 27. h3
f5 28. Nd2 Kg7 29. Nc4 Nxc4 30. Rxc4 Rxc4 31. bxc4 Re8 32. Kf3 Re4 33. Rc1 Kh6
34. c5 bxc5 35. Rxc5 Ra4 36. Rc3 Kh5 37. h4 Kh6 38. Rd3 Kh5 39. Rd8 Kh6 40. Rd3
Kh5 41. Ke2 Rg4 1/2-1/2

[Event "Harburg-ch Gruppe I"]
[Site "Hamburg"]
[Date "2010.08.22"]
[Round "5"]
[White "Kalauch, Lucas"]
[Black "Brandt, Michael"]
[Result "1/2-1/2"]
[WhiteElo "1417"]
[BlackElo "1418"]
[PlyCount "55"]
[EventDate "2010.08.20"]
[EventType "tourn"]
[EventRounds "5"]
[EventCountry "GER"]
[SourceDate "2010.08.20"]

1. d4 Nf6 2. Nf3 e6 3. e3 d5 4. Bd3 c5 5. c3 c4 6. Bc2 Bd6 7. Nbd2 O-O 8. O-O
b5 9. e4 dxe4 10. Nxe4 Bb7 11. Nxf6+ Qxf6 12. Bg5 Bxf3 13. Bxf6 Bxd1 14. Raxd1
gxf6 15. Be4 Nd7 16. Bxa8 Rxa8 17. f4 Nb6 18. Rde1 Nd5 19. f5 e5 20. dxe5 Bxe5
21. g3 a5 22. Re4 Ne7 23. g4 Nc6 24. Rd1 Re8 25. Kg2 Rd8 26. Rxd8+ Nxd8 27. g5
Kg7 28. h4 1/2-1/2

[Event "Harburg-ch Gruppe J"]
[Site "Hamburg"]
[Date "2010.08.20"]
[Round "1.1"]
[White "Kalauch, Johannes"]
[Black "Skambraks, Torge"]
[Result "1/2-1/2"]
[WhiteElo "1334"]
[BlackElo "1179"]
[PlyCount "54"]
[EventDate "2010.08.20"]
[EventType "swiss"]
[EventRounds "5"]
[EventCountry "GER"]
[SourceDate "2010.08.20"]

1. d4 Nf6 2. Nf3 d5 3. e3 Bf5 4. c4 e6 5. Nc3 Be7 6. cxd5 exd5 7. Qb3 b6 8. Ne5
O-O 9. Be2 c5 10. Bf3 Be6 11. O-O Re8 12. dxc5 Qc7 13. Nd3 Bxc5 14. Nxd5 Bxd5
15. Bxd5 Nxd5 16. Qxd5 Nd7 17. b4 Nf6 18. Qf3 Bd6 19. g3 Qc3 20. Bb2 Qxd3 21.
Bxf6 gxf6 22. Rad1 Qe4 23. Qxe4 Rxe4 24. Rxd6 Rxb4 25. Rd4 Rb2 26. a4 Rc8 27.
Rfd1 Rcc2 1/2-1/2

[Event "Harburg-ch Gruppe J"]
[Site "Hamburg"]
[Date "2010.08.20"]
[Round "1.2"]
[White "Wilhelm, Restislav Paul"]
[Black "Sakel, Nicolai"]
[Result "0-1"]
[WhiteElo "1048"]
[BlackElo "1332"]
[PlyCount "68"]
[EventDate "2010.08.20"]
[EventType "swiss"]
[EventRounds "5"]
[EventCountry "GER"]
[SourceDate "2010.08.20"]

1. c4 e5 2. Nc3 Nf6 3. g3 c6 4. Bg2 d5 5. d3 dxc4 6. dxc4 Qxd1+ 7. Nxd1 Be6 8.
b3 Bb4+ 9. Bd2 Bxd2+ 10. Kxd2 Nbd7 11. Nf3 O-O-O 12. Nc3 Nc5+ 13. Kc2 Bf5+ 14.
Kc1 Nfe4 15. Nxe4 Bxe4 16. Bh3+ Kc7 17. Rd1 Bxf3 18. Rxd8 Rxd8 19. exf3 Nd3+
20. Kc2 Nxf2 21. Bf1 e4 22. fxe4 Nxe4 23. Bd3 Nf6 24. Rf1 Re8 25. g4 h6 26. h4
Re7 27. g5 hxg5 28. hxg5 Ng4 29. Rh1 f6 30. Rg1 Ne5 31. Be4 Nxc4 32. Kd3 Nb2+
33. Kd4 c5+ 34. Kd5 Re5# 0-1

[Event "Harburg-ch Gruppe J"]
[Site "Hamburg"]
[Date "2010.08.20"]
[Round "1.3"]
[White "Widdermann, Adrian"]
[Black "Buntrock, Jannis"]
[Result "1/2-1/2"]
[WhiteElo "1241"]
[BlackElo "1041"]
[PlyCount "48"]
[EventDate "2010.08.20"]
[EventType "swiss"]
[EventRounds "5"]
[EventCountry "GER"]
[SourceDate "2010.08.20"]

1. d4 d5 2. c4 e6 3. Nc3 Bb4 4. Nf3 Nc6 5. Bf4 Nf6 6. e3 Bd7 7. Be2 O-O 8. O-O
a6 9. Qc2 Re8 10. Bd3 h6 11. Ne5 Rc8 12. Rab1 Qe7 13. a3 Bxc3 14. bxc3 b6 15.
Kh1 Qxa3 16. Ra1 Qe7 17. Rxa6 Na5 18. Rg1 dxc4 19. Be4 Bb5 20. Ra7 Red8 21. g4
g5 22. Bg3 Nd5 23. Rb1 Bd7 24. Re1 Kg7 1/2-1/2

[Event "Harburg-ch Gruppe J"]
[Site "Hamburg"]
[Date "2010.08.21"]
[Round "2.1"]
[White "Sakel, Nicolai"]
[Black "Marwitz, Ullrich"]
[Result "1-0"]
[WhiteElo "1332"]
[BlackElo "898"]
[PlyCount "27"]
[EventDate "2010.08.20"]
[EventType "swiss"]
[EventRounds "5"]
[EventCountry "GER"]
[SourceDate "2010.08.20"]

1. c4 Nf6 2. g3 b6 3. Bg2 Nc6 4. b4 e6 5. b5 Bb7 6. bxc6 dxc6 7. Bb2 Qd7 8. Nf3
O-O-O 9. Ne5 Qe8 10. Qa4 b5 11. Qxa7 Bd6 12. O-O Nd7 13. Bxc6 Nc5 14. Bxe8 1-0

[Event "Harburg-ch Gruppe J"]
[Site "Hamburg"]
[Date "2010.08.21"]
[Round "2.2"]
[White "Buntrock, Jannis"]
[Black "Kalauch, Johannes"]
[Result "0-1"]
[WhiteElo "1041"]
[BlackElo "1334"]
[PlyCount "48"]
[EventDate "2010.08.20"]
[EventType "swiss"]
[EventRounds "5"]
[EventCountry "GER"]
[SourceDate "2010.08.20"]

1. c4 e5 2. g3 Ne7 3. Bg2 g6 4. Nc3 Bg7 5. e3 d6 6. Nge2 Nbc6 7. O-O Be6 8. b3
O-O 9. d4 d5 10. cxd5 Nxd5 11. Bb2 exd4 12. exd4 Nce7 13. Qd3 c6 14. Rab1 Nxc3
15. Bxc3 Bf5 16. Be4 Bxe4 17. Qxe4 Nd5 18. Qc2 Re8 19. Rfe1 Qb6 20. Rbd1 Re7
21. Qd2 Rae8 22. Ba5 Qa6 23. a4 Rxe2 24. Rxe2 Rxe2 0-1

[Event "Harburg-ch Gruppe J"]
[Site "Hamburg"]
[Date "2010.08.21"]
[Round "3.1"]
[White "Kalauch, Johannes"]
[Black "Sakel, Nicolai"]
[Result "0-1"]
[WhiteElo "1334"]
[BlackElo "1332"]
[PlyCount "56"]
[EventDate "2010.08.20"]
[EventType "swiss"]
[EventRounds "5"]
[EventCountry "GER"]
[SourceDate "2010.08.20"]

1. d4 Nf6 2. Nf3 e6 3. e3 b6 4. Bd3 c5 5. c3 d5 6. O-O Bb7 7. Nbd2 Nbd7 8. Bb5
a6 9. Ba4 Bd6 10. Ne5 b5 11. Nxd7 Nxd7 12. Bc2 cxd4 13. cxd4 Qc7 14. f4 O-O 15.
Nf3 Rac8 16. Bd3 f6 17. Bd2 e5 18. Rc1 Qb8 19. Rxc8 Rxc8 20. fxe5 fxe5 21.
Bxh7+ Kxh7 22. Ng5+ Kg6 23. Nf7 Nf6 24. Nxd6 Qxd6 25. dxe5 Qxe5 26. Bc3 Qxe3+
27. Rf2 Re8 28. Bxf6 Qe1+ 0-1

[Event "Harburg-ch Gruppe J"]
[Site "Hamburg"]
[Date "2010.08.21"]
[Round "3.2"]
[White "Widdermann, Adrian"]
[Black "Skambraks, Torge"]
[Result "1/2-1/2"]
[WhiteElo "1241"]
[BlackElo "1179"]
[PlyCount "47"]
[EventDate "2010.08.20"]
[EventType "swiss"]
[EventRounds "5"]
[EventCountry "GER"]
[SourceDate "2010.08.20"]

1. d4 Nf6 2. c4 e5 3. e3 exd4 4. exd4 Bb4+ 5. Nc3 O-O 6. Nf3 Re8+ 7. Be2 Qe7 8.
Be3 Ng4 9. Qd3 Nxe3 10. fxe3 Qxe3 11. Qxe3 Rxe3 12. Kf2 Re8 13. Rhe1 d6 14. Bd3
Rxe1 15. Rxe1 Kf8 16. Bxh7 g6 17. Ng5 Bxc3 18. bxc3 Bd7 19. Re3 Nc6 20. Rf3 Nd8
21. Bxg6 Be8 22. h4 Kg7 23. Bb1 f6 24. Ne4 1/2-1/2

[Event "Harburg-ch Gruppe J"]
[Site "Hamburg"]
[Date "2010.08.21"]
[Round "3.3"]
[White "Marwitz, Ullrich"]
[Black "Wilhelm, Restislav Paul"]
[Result "0-1"]
[WhiteElo "898"]
[BlackElo "1048"]
[PlyCount "52"]
[EventDate "2010.08.20"]
[EventType "swiss"]
[EventRounds "5"]
[EventCountry "GER"]
[SourceDate "2010.08.20"]

1. d4 Nf6 2. c4 g6 3. Nf3 Bg7 4. Nc3 d6 5. e4 Bg4 6. Be2 O-O 7. O-O Nbd7 8. Be3
c5 9. d5 Qb6 10. b3 Nh5 11. h3 Bxf3 12. Bxf3 Bxc3 13. Bxh5 gxh5 14. Rc1 Bg7 15.
Qxh5 Nf6 16. Qf3 Qa5 17. a4 Qd8 18. g4 Nd7 19. Qg3 Ne5 20. Rcd1 e6 21. f4 Ng6
22. Kg2 exd5 23. Rxd5 Qe7 24. Qe1 Qxe4+ 25. Kf2 Nh4 26. Bc1 Qf3+ 0-1

[Event "Harburg-ch Gruppe J"]
[Site "Hamburg"]
[Date "2010.08.22"]
[Round "4.1"]
[White "Sakel, Nicolai"]
[Black "Widdermann, Adrian"]
[Result "1-0"]
[WhiteElo "1332"]
[BlackElo "1241"]
[PlyCount "97"]
[EventDate "2010.08.20"]
[EventType "swiss"]
[EventRounds "5"]
[EventCountry "GER"]
[SourceDate "2010.08.20"]

1. c4 g6 2. g3 Bg7 3. Bg2 e5 4. Nc3 Nc6 5. e3 f5 6. Nge2 Nf6 7. d3 d6 8. f4 O-O
9. Qb3 Ne7 10. Bxb7 Bxb7 11. Qxb7 Qd7 12. Qf3 Rab8 13. O-O c6 14. Rb1 Rb7 15.
b4 a6 16. a4 Rc8 17. b5 axb5 18. axb5 cxb5 19. Rxb5 Rxb5 20. Nxb5 e4 21. dxe4
fxe4 22. Qf2 Rxc4 23. Ned4 Nc6 24. Qa2 d5 25. Qa8+ Bf8 26. Ba3 Nd8 27. Bxf8
Kxf8 28. Qxd8+ Qxd8 29. Ne6+ Ke7 30. Nxd8 Kxd8 31. Rd1 Rc5 32. Nd4 Kd7 33. h3
h5 34. Ra1 Rc3 35. Kf2 Ke8 36. Ra6 Kf7 37. Ra7+ Kg8 38. Ra6 Kg7 39. Ke2 Rd3 40.
Ra7+ Kh6 41. Rf7 Ne8 42. Nc6 Rc3 43. Ne7 g5 44. f5 g4 45. h4 Ng7 46. f6 Ne8 47.
Rh7+ Kxh7 48. f7 Rc2+ 49. Kd1 1-0

[Event "Harburg-ch Gruppe J"]
[Site "Hamburg"]
[Date "2010.08.22"]
[Round "4.2"]
[White "Skambraks, Torge"]
[Black "Wilhelm, Restislav Paul"]
[Result "1-0"]
[WhiteElo "1179"]
[BlackElo "1048"]
[PlyCount "31"]
[EventDate "2010.08.20"]
[EventType "swiss"]
[EventRounds "5"]
[EventCountry "GER"]
[SourceDate "2010.08.20"]

1. e4 Nc6 2. d4 e5 3. Nf3 exd4 4. Nxd4 Bb4+ 5. c3 Bc5 6. Be3 Nge7 7. Nxc6 Nxc6
8. Bxc5 d6 9. Bd4 O-O 10. Bd3 Qg5 11. O-O Bh3 12. Qf3 Bg4 13. Qg3 Nxd4 14. cxd4
h5 15. h3 h4 16. Qxg4 1-0

[Event "Harburg-ch Gruppe J"]
[Site "Hamburg"]
[Date "2010.08.22"]
[Round "4.4"]
[White "Marwitz, Ullrich"]
[Black "Kalauch, Johannes"]
[Result "0-1"]
[WhiteElo "898"]
[BlackElo "1334"]
[PlyCount "156"]
[EventDate "2010.08.20"]
[EventType "swiss"]
[EventRounds "5"]
[EventCountry "GER"]
[SourceDate "2010.08.20"]

1. e4 c5 2. Nf3 Nc6 3. d4 cxd4 4. Nxd4 Nf6 5. Nxc6 bxc6 6. e5 Nd5 7. Bc4 Bb7 8.
O-O g6 9. Nc3 Nxc3 10. bxc3 Bg7 11. Qf3 O-O 12. Re1 Qc7 13. Bf4 e6 14. Qh3 Rab8
15. Bh6 Bxh6 16. Qxh6 Qa5 17. Re3 f5 18. Rh3 Rf7 19. Re1 Ba6 20. Bb3 Rb5 21.
Ree3 Rxe5 22. f4 Rxe3 23. Rxe3 Qc5 24. Kf2 Bc4 25. Qh3 Bxb3 26. axb3 e5 27. b4
Qb6 28. Ke1 e4 29. Ke2 d5 30. Kf1 d4 31. cxd4 Qxd4 32. Qg3 Qc4+ 33. Re2 Qxb4
34. Qb3 Qxb3 35. cxb3 Rb7 36. Re3 Kf7 37. Ke2 Ke6 38. Kd2 Kd5 39. Kc3 a5 40.
Re2 c5 41. Rd2+ Kc6 42. Rd8 Rd7 43. Rh8 Kd6 44. Kc4 Re7 45. Rd8+ Kc7 46. Rd2
Kc6 47. Rd5 e3 48. Rxc5+ Kd7 49. Rd5+ Ke8 50. Rd1 e2 51. Re1 Kd7 52. Kb5 Kd6
53. Kxa5 Kd5 54. b4 Kd4 55. b5 Kd3 56. b6 Kd2 57. Rxe2+ Kxe2 58. Ka6 Kf2 59. b7
Rxb7 60. Kxb7 Kxg2 61. Kc6 Kxh2 62. Kd5 Kg3 63. Ke5 h5 64. Kf6 Kxf4 65. Kxg6 h4
66. Kh5 h3 67. Kh4 h2 68. Kh5 h1=Q+ 69. Kg6 Qc6+ 70. Kh5 Qe8+ 71. Kh6 Kg4 72.
Kg7 Kg5 73. Kh7 f4 74. Kg7 f3 75. Kh7 f2 76. Kg7 f1=R 77. Kh7 Qg6+ 78. Kh8 Rh1#
0-1